| 000 | 01227namaa22003251i 4500 | ||
|---|---|---|---|
| 003 | EG-GICUC | ||
| 005 | 20260405111549.0 | ||
| 008 | 260405s2005 ua ||||jr|||| 000 0 ara d | ||
| 017 |
_a2005 / 5275 _bدار الكتب والوثائق القومية (مصر) |
||
| 040 |
_aEG-GiCUC _bara _cEG-GiCUC _dEG-GiCUC _erda |
||
| 043 | _af----ua | ||
| 082 | 0 | 4 |
_221 _a416 _bM991 |
| 092 | 0 | 4 |
_221 _a416 _bM991 |
| 099 | _a416 M991 | ||
| 100 | 1 |
_aمستجير، أحمد _eمؤلف. |
|
| 245 | 1 | 0 |
_aمدخل رياضى الى عروض الشعر العربى / _cد. أحمد مستجير |
| 264 |
_aالقاهرة (مصر) : _bدار العين، _c2005. |
||
| 300 |
_a166 : صفحة _bإيضاحيات، _c24 سم |
||
| 336 |
_2rdacontent _atext |
||
| 337 |
_2rdamedia _aUnmediated |
||
| 338 |
_2rdacarrier _avolume |
||
| 504 | _aيشتمل على ارجاعات ببليوجرافية. | ||
| 541 |
_aد. جابر عصفور ؛ _bالقاهرة ؛ _cإهداء ؛ _d2024. |
||
| 650 | 1 | 7 |
_aالاوزان الشعرية _2qrmak |
| 650 | 1 | 7 |
_aالتفعيلات الشعرية _2qrmak |
| 650 | 1 | 7 |
_aاللغة العربية _xالعروض والقوافى _2qrmak |
| 651 | 1 | _2qrmak | |
| 905 | _aNermeen | ||
| 942 |
_2ddc _cBK _e21 _n0 |
||
| 999 |
_c179178 _d179178 |
||